000 00463nam a2200169Ia 4500
001 3925
005 20260306145719.0
008 260306t9999||||xx |||||||||||||| ||spa||
041 _aESP
082 _a305.48898
_bR86
100 _aRousseau, Stéphanie
_eAUT
245 0 _aMovimientos de Mujeres Indígenas en Latinoamérica :
_bGénero y Etnicidad en el perú, México y Bolivia
300 _a
_c
650 _aGEN
654 _aCHU
942 _cLIB
_dJUS
_fJUS
_2ddc
_n
999 _c3925
_d3925